000 00684nam a2200205Ia 4500
005 20260121110013.0
008 008 260114s9999 xx 000 0 hin d
020 _a9788132372493
037 _aEBOOK
040 _aCRL
_bhin
_cCRL
041 _ahin
_2hin
084 _qCRL
100 _aजितेंद्र कुलकर्णी / Jitendra Kulkarni
_9940868
245 0 _aजीव विज्ञान की शाखाएं / Jeev vigyaan ki shaakhayein
260 _bभाषा प्रकाशन / Bhasha Prakashan
_c2022
856 _uhttps://bhashaprakashan.com/product-details/380359
942 _cEBOOK
999 _c1532533
_d1532533